NRJ Music Awards 2001 - Les gagnants - Statistiques

Statistiques générales
  • Ce quiz a été pris 4 fois
  • Le résultat moyen est 5 sur 14
Statistiques - réponses
Hint Réponse % Correct
Révélation francophone Alizée
100%
NMA d'honneur (caritative) Les Enfoirés
50%
Artiste féminine francophone Mylène Farmer
50%
Site internet musical Alizée
25%
Révélation internationale Anastacia
25%
Album francophone Au nom d'une femme (Hélène Ségara)
25%
Chanson internationale I'm Outta Love (Anastacia)
25%
Groupe/duo francophone Les 10 Commandements
25%
Chanson francophone Les Rois du monde (Roméo & Juliette)
25%
Artiste féminine internationale Madonna
25%
Artiste masculin international Moby
25%
Album international Music (Madonna)
25%
Artiste masculin francophone Pascal Obispo
25%
Groupe/duo international The Corrs
25%
Aucun quiz correspondant
Distribution des résultats
% des personnes avec chaque résultat
Percentile par nombre de réponses
Votre historique - résultats
Vous n’avez pas pris ce quiz